NFL - Top 25 Runningbacks 2023-2024 - Statistics

General Stats
  • This quiz has been taken 302 times
  • The average score is 17 of 25
Answer Stats
Hint Answer % Correct
1. Christian McCaffrey
95%
4. Derrick Henry
95%
7. Saquon Barkley
86%
14. Aaron Jones
76%
5. Josh Jacobs
76%
18. James Cook
75%
22. Joe Mixon
74%
8. Bijan Robinson
72%
20. Jahmyr Gibbs
72%
24. Isiah Pacheco
70%
23. David Montgomery
69%
2. Nick Chubb
69%
25. Kyren Williams
66%
3. Jonathan Taylor
65%
11. D’Andre Swift
64%
6. Alvin Kamara
60%
12. Tony Pollard
60%
9. Breece Hall
59%
19. James Conner
58%
15. Kenneth Walker III
58%
17. Raheem Mostert
56%
10. De’Von Achane
55%
16. Travis Etienne Jr.
52%
13. Austin Ekeler
49%
21. Jaylen Warren
29%
No matching quizzes found
Score Distribution
Percent of People with Each Score
Percentile by Number Answered
Your Score History
You have not taken this quiz